| 000 | 00507nam a22001817a 4500 | ||
|---|---|---|---|
| 005 | 20260505155617.0 | ||
| 008 | 260505b |||||||| |||| 00| 0 eng d | ||
| 020 |
_a9783110219104 _qhbk |
||
| 041 | _aeng | ||
| 082 | _a410.1 GAS | ||
| 100 | _aGasparov, Boris | ||
| 245 |
_aSpeech, Memory and Meaning _bIntertextuality in Everyday Language _cBoris Gasparov |
||
| 260 |
_aBerlin _bDe Gruyter Mouton _c2010 |
||
| 300 |
_a309p. : _c25cm |
||
| 504 | _aBib and Ref | ||
| 650 | _aLinguistics | ||
| 942 | _cENGLISH | ||
| 999 |
_c622575 _d622575 |
||